History Quiz

Random History or Art Quiz

Pixel Presidents (US) Quiz Stats

 Plays Quiz Updated Mar 19, 2016

Score 0/43 Timer 08:00
1 Play Today
% Correct
George Washington
96.2%
Barack Obama
89%
Richard Nixon
87.2%
Franklin D. Roosevelt
84.6%
Abraham Lincoln
79.9%
William Howard Taft
73.9%
Bill Clinton
70.4%
James Madison
69.5%
Jimmy Carter
68.2%
George H.W. Bush
68%
Theodore Roosevelt
63%
John F. Kennedy
58.6%
Ronald Reagan
58.2%
George W. Bush
56.9%
Harry S. Truman
55.6%
Thomas Jefferson
53.5%
Ulysses S. Grant
52.9%
Herbert Hoover
52.2%
Gerald Ford
51.6%
Andrew Jackson
51.6%
John Adams
51.3%
Dwight D. Eisenhower
51%
% Correct
Grover Cleveland
49.8%
James K. Polk
49.4%
Martin Van Buren
46.5%
James Garfield
45.1%
John Quincy Adams
44%
Franklin Pierce
43.5%
Rutherford B. Hayes
42%
Lyndon B. Johnson
39.2%
John Tyler
38.6%
Benjamin Harrison
38.1%
Millard Fillmore
36%
James Monroe
35.8%
Calvin Coolidge
35.3%
William Henry Harrison
34.7%
Chester A. Arthur
34.4%
Warren G. Harding
34.1%
Woodrow Wilson
33%
Zachary Taylor
31.4%
James Buchanan
31%
William McKinley
26.1%
Andrew Johnson
21.6%

You're not logged in!

Compare scores with friends on all Sporcle quizzes.
Join for Free
OR
Log In

You Might Also Like...

Show Comments

Extras

Top Quizzes Today


Score Distribution

Your Account Isn't Verified!

In order to create a playlist on Sporcle, you need to verify the email address you used during registration. Go to your Sporcle Settings to finish the process.

Report this User

Report this user for behavior that violates our Community Guidelines.

Details: